书目信息 |
| 题名: |
法治与人治问题讨论集
|
|
| 作者: | ;《法治与人治问题讨论集》编辑组 | |
| 分册: | ||
| 出版信息: | 北京 群众出版社 1980.11 |
|
| 页数: | 339页 | |
| 开本: | 19cm | |
| 丛书名: | ||
| 单 册: | ||
| 中图分类: | D920.9 | |
| 科图分类: | ||
| 主题词: | 法律--中国 | |
| 电子资源: | ||
| ISBN: | ||
| 000 | 00655nam0 2200193 45 | |
| 001 | 0305210850 | |
| 005 | 20060802143807.84 | |
| 010 | @dCNY0.88 | |
| 091 | @a3067.114 | |
| 100 | @a20030521d1980 km y0chiy0120 ea | |
| 101 | 0 | @achi |
| 200 | 1 | @a法治与人治问题讨论集@AFa Zhi Yu Ren Zhi Wen Ti Tao Lun Ji@f《法治与人治问题讨论集》编辑组@F《Fa Zhi Yu Ren Zhi Wen Ti Tao Lun Ji》Bian Ji Zu |
| 210 | @a北京@c群众出版社@d1980.11 | |
| 215 | @a339页@d19cm | |
| 606 | 0 | @a法律@x中国 |
| 690 | @aD920.9@v3 | |
| 711 | 02 | @a《法治与人治问题讨论集》编辑组@A《Fa Zhi Yu Ren Zhi Wen Ti Tao Lun Ji》Bian Ji Zu |
| 801 | @aCN@bTSTC@c20060802 | |
| 905 | @dD920.9@e12@f2@b57086-087 | |
| 法治与人治问题讨论集/《法治与人治问题讨论集》编辑组.-北京:群众出版社,1980.11 |
| 339页;19cm |
| ISBN :CNY0.88 |
| ● |
| 相关链接 |
|
|
|
|
正题名:法治与人治问题讨论集
索取号:D920.9/12
 
预约/预借
| 序号 | 登录号 | 条形码 | 馆藏地/架位号 | 状态 | 备注 |
| 1 | 0057086 | 001031760 | 第一样本阅览室/ [索取号:D920.9/12] | 在馆 | |
| 2 | 0057087 | 001031779 | 密集书库/ [索取号:D920.9/12] | 在馆 | |
| 3 | 0057088 | 001795212 | 密集书库/ [索取号:D920.9/12] | 在馆 | |
| 4 | 0057089 | 001718216 | 密集书库/ [索取号:D920.9/12] | 在馆 | |
| 5 | 0057090 | 001718234 | 密集书库/ [索取号:D920.9/12] | 在馆 | |
| 6 | 0440297 | 204402976 | 密集书库/ [索取号:D920.9/12] | 在馆 | |
| 7 | 0441840 | 204418406 | 密集书库/ [索取号:D920.9/12] | 在馆 |